Tribunal Administrativo de Cundinamarca

Detalles Bibliográficos
Formato: Desconocido
Lenguaje:español
Publicado: [Colombia : s.n.]
Materias:
Acceso en línea:Acceso restringido

MARC

LEADER 00000ny a22000003n 4500
005 20110510121439.0
008 100412c19829999ck ur pss 0 a0spa d
035 |a 2024 
040 |a BUS  |d vLex 
090 |c 1515  |d 1515 
245 3 0 |a Tribunal Administrativo de Cundinamarca  |h [Recurso electrn̤ico] 
256 |a Servicio en ln̕ea 
260 |a [Colombia :  |b s.n.] 
650 0 4 |a Sentencias  |z Colombia  |x Publicaciones perid̤icas 
650 0 4 |a Tribunales administrativos  |z Colombia  |x Publicaciones perid̤icas 
740 0 |a vLex Revista (Servicios en ln̕ea) 
843 |a Electrn̤ica. Abierta 
853 |8 1  |i (year)  |j (month)  |k (day) 
856 4 0 |z Acceso restringido  |u http://vlex.com/source/tribunal-administrativo-cundinamarca-2024 
942 |c REV